Wsie w gminie Opoczno - Statystyki

Ogólne statystyki
  • Ten quiz został rozwiązany 48 razy
  • Średni wynik to 15 z 41
Statystyki odpowiedzi
Nr. Wieś % Poprawnych
10 Januszewice
65%
18 Kraśnica
61%
7 Bukowiec Opoczyński
55%
12 Kliny
55%
37 Wola Załężna
55%
2 Antoniów
52%
17 Kraszków
52%
26 Ogonowice
52%
25 Mroczków Gościnny
48%
3 Bielowice
45%
8 Dzielna
45%
19 Kruszewiec
45%
20 Libiszów
45%
28 Ostrów
45%
32 Sobawiny
45%
40 Wygnanów
45%
24 Mroczków Duży
42%
29 Różanna
42%
31 Sitowa
42%
34 Stużno
39%
41 Zameczek
39%
22 Modrzew
35%
4 Brzustówek
32%
27 Opoczno
32%
35 Stużno-Kolonia
32%
1 Adamów
26%
9 Janów Karwicki
26%
11 Karwice
26%
21 Międzybórz
26%
33 Sołek
26%
39 Wólka Karwicka
26%
5 Brzustówek-Kolonia
23%
13 Kolonia Kruszewiec
23%
14 Kolonia Libiszów
23%
30 Sielec
23%
36 Świerczyna
23%
23 Modrzewek
16%
15 Kolonia Wólka Karwicka
10%
6 Brzuśnia
6%
38 Wólka Dobromirowa
6%
16 Kolonia Ziębów
0%
Nie znaleziono quizów pasujących do podanych kryteriów
Rozkład punktacji
Procent ludzi z każdym wynikiem
Percentyl według liczby udzielonych odpowiedzi
Twoja historia wyników
Nie rozwiązałeś tego quizu